00933 2200301 4500035002000000001002100020005001700041006001900058007000300077008004100080856005900121020002300180040002000203082002000223084001800243090002200261100002000283245010000303250001200403260004100415300003700456504003200493650002800525700001800553700002000571999002000591999002000611 a0010-0122001495INLIS00000000068485920190118134545.0aa g 000 0 ta160728s2015 jkia g 000 0 ind  y http://opac.perpusnas.go.id/DetailOpac.aspx?id=949980 a 978-602-1279-25-0 a JKPNPNA b ind042 [23]a 658.72  a 658.72 RIN b a CB-D.9 2015-53580 a Rina Dewi Lina10a Beli rumah dengan gaji < Rp 5 juta / c Rina Dewi Lina, Erwin Faizal ; editor : Atiatul Mu'min a Cet. 1 a Jakarta : b Penebar Plus+, c 2015 a 142 hlm. : b ilus. ; c 23 cm. a Bibliografi : hlm. 136-138 4a Pembelian x Manajemen0 a Erwin Faizal0 a Atiatul Mu'min a 5358/DM/D/2015 a 5358/DM/D/2015